000 00402nam a2200169Ia 4500
005 20240617110159.0
008 240331s9999 xx 000 0 und d
082 _bGAN
_a5881
100 _aGanesalingan, S
245 0 _aNee oru penn
_cS. Gneshalingan
260 _aChennai
_bKumaran Publishers
_c1995
300 _a184 p .,
650 _aWomen
650 _apolitical
650 _aLaws
942 _cL
999 _c3880
_d3880